000 00721nam a22002055i 4500
001 164453
003 ES-MaACL
005 20251207063033.0
008 990917s1869 sp |||| | spa d
040 _aCCPB | B
_bspa
_cCCPB | B
100 1 _aSalinas, Juan de,
_d1562-1643
_9132336
245 1 0 _aPoesías del doctor D. Juan de Salinas y Castro.
260 _aSevilla :
_b[s.n.],
_c1869 (
_fImp. que fué de D. José María Geofrin)
300 _a2 v. (XXXVII, 329 ; 338 p.) ;
_c17 cm.
490 1 _aSociedad de Bibliófilos Andaluces
752 _aEspaña -
_dSevilla
830 0 _aSociedad de Bibliófilos Andaluces
_9188169
852 _aES-MaACL
_jB-5539-5540
_z-- Enc. hol.
999 _c164453
_d164453